000 01920nam a2200253Ia 4500
001 227.07-STA be pa (22530)
003 IT-MiSPE
005 20250305075702.0
008 171229s9999||||xx |||||||||||||| ||und||
040 _aIT-MiSPE
_cIT-MiSPE
041 _aITALIANO
100 _aBenoît Standaert
_961751
240 _aL'apôtre Paul selon les trois colonnes du monde
245 0 _aPaolo e le tre colonne del mondo
250 _a1a ed. (v)
260 _aCinisello B.mo
_bSan Paolo
_c2014
300 _a207 p.
_c21 cm
490 _aParola di Dio: II serie
_v76
501 _aEdizioni San Paolo srl - Piazza Soncino, 5 - 20092 CINISELLO BALSAMO (MI) (non commercial uses only) ® Copyright 2018
520 _a Benoît Standaert, monaco benedettino, è conosciuto per il suo scritto su "Le tre colonne del mondo", lo studio della Parola, la preghiera e le opere di misericordia che, come affermava Simone il Giusto alla fine del III secolo a.C., reggono il mondo. In questo volume, l'Autore propone di riconsiderare in quest'ottica l'insieme degli scritti di san Paolo. È un'idea vincente: l'apostolo dei gentili dimostra di essere un autentico doctor caritatis, un uomo esercitato nell'arte della preghiera, un discepolo esemplare della lectio divina. La chiave di lettura offerta dalle pagine del benedettino belga consente un approccio originale e integrato alle lettere paoline, testi indubbiamente complessi, spesso conosciuti solo nell'inevitabile frammentarietà di una presentazione liturgica. Questo saggio, che esprime grande familiarità con la Scrittura, indica a ogni lettore piste efficaci per accedere alla Bibbia e inoltrarsi in essa, per pregare, per vivere l'amore cristiano sulle orme dell'apostolo Paolo. Una lettura unitaria degli scritti di San Paolo sotto l'ottica delle tre colonne del mondo.
700 _aGioietta Casella
_g(traduzione)
_961752
942 _cBK
_2ddc
999 _c339335
_d339335
999 _bNO